000 00504nam a2200181Ia 4500
005 20250508154305.0
008 008 250505s9999 xx 000 0 eng d
037 _aTextual
040 _aFEDL
_beng
_cFEDL
041 _aeng
_2eng
084 _a371, CHA
_qFEDL
100 _aChaube S P
245 0 _aSurvey of educational problems and experiments in India
260 _aAllahabad, India
_bKitab Mahal
_c1965
300 _a176p.
942 _cTEXL
_h371, CHA
999 _c1349392
_d1349392